| 000 | 00772aas a2200241 4500 | ||
|---|---|---|---|
| 999 |
_c1011 _d1011 |
||
| 003 | BR-BrBNA | ||
| 005 | 20230317233007.0 | ||
| 007 | ta | ||
| 008 | 230119b bl ||||| |||| 00| 0 por d | ||
| 035 | _a000485-5 | ||
| 040 |
_aBR-BrBNA _bPor _cBR-BrBNA |
||
| 042 | _a038370-8 | ||
| 044 | _abl | ||
| 245 | _aInformativo Mandioqueiro - Empresa Brasileira de Assistência Técnica e Extensão Rural (Brazil) | ||
| 260 |
_aBrasília-DF _bEmpresa Brasileira de Assistência Técnica e Extensão Rural _c1978. Data final de publicação em 1980 _eBDF |
||
| 270 | _aSEP Norte W/3 Q-515 lote 3 | ||
| 310 | _airregular | ||
| 500 | _aDeixou de ser editado | ||
| 505 | _a1978 (26-27,29-30)%1979 (28,32,34,37-38); | ||
| 650 | 1 | 2 | _gMANDIOCA |
| 909 |
_a56 _bSergio Santos _c56 _dSergio Santos |
||
| 942 |
_cCR _2AGRIS |
||